Géographie de Paris par lettre -I - Statistiques

Statistiques générales
  • Ce quiz a été pris 24 fois
  • Le résultat moyen est 11 sur 20
Statistiques - réponses
Question Réponse % Correct
Nom de la région dont Paris est le chef-lieu Île-de-France
100%
Monument reconnaissable à son dôme doré qui abrite le tombeau de Napoléon Ier Invalide
100%
Pays ayant le droit à une place et une porte Italie
100%
Pont qui relie le Trocadéro à la Tour Eiffel Iéna
90%
Organisme chargé de conserver les archives de la radio et de la télé à Paris INA
90%
Mouvement artistique dont Paris a éte un étendart et le musée d'Orsay la plus belle vitrine Impressionnisme
85%
Écrivain franco-roumain du "Théâtre de l'absurde" inhumé à Montparnasse Ionesco
75%
Petit square du 17e arrondissement rendant hommage à une ancienne colonie Indochine
70%
Porte du 13e arrondissement située au cœur du quartier chinois Ivry
70%
Reine de France (d'Autriche) qui a marqué l'histoire du Palais du Louvre Isabelle
65%
Bâtiment de Jean Nouvel dans le 5e, célèbre pour ses moucharabiehs mécaniques Institut du Monde Arabe
55%
Porte du 15e arrondissement donnant sur le parc des expositions Issy
45%
Peintre néo-classique dont l'avenue borde le Jardin du Ranelagh Ingres
40%
Institution située sous une coupole face au Pont des Arts (Académie française) Institut de France
35%
Célèbre Slogan du club de foot de la ville Ici c'est Paris
30%
L'île artificielle du 15e qui abrite la réplique de la Statue de la Liberté Île aux Cygnes
30%
La plus ancienne fontaine monumentale de Paris, située aux Halles Innocents
25%
Centre de recherche en musique contemporaine situé sous la place Stravinsky IRCAM
15%
Institut de recherche situé au sein de l'Hôpital Necker (15e) Imagine
0%
Architecte du 19e siècle à qui l'on doit de nombreux immeubles du 9e Isabey
0%
Aucun quiz correspondant
Distribution des résultats
% des personnes avec chaque résultat
Percentile par nombre de réponses
Votre historique - résultats
Vous n’avez pas pris ce quiz